000 00244nam a2200097Ia 4500
005 20251222114346.0
008 251222s1900||||xx |||||||||||||| ||spa||
082 _aDVD0090/M58/2006/V.1,T.1
245 0 _aDescubriendo la historia Vol.1:
942 _cDVD
999 _c1042
_d1042